000 00397 a2200157 4500
001 59899
020 _a3789135143
040 _cAnchieta - Pituba
100 _aFisher, Catherine
240 1 0 _aDas Orakel und das geheimnis der mondberge
_lpor
245 1 0 _aDas Orakel und das geheimnis der mondberge
300 _a352
362 0 _a2006
650 4 _aLiteratura juvenil em alemão
942 _cBK
999 _c59899
_d59899